000
00246nam a2200097Ia 4500
001
653798
005
20250826154505.0
008
250824s9999 xx 000 0 und d
245
0
_a
DÜŞLER SİRKİ
_c
ANGELA NANETTİ
260
_b
GÜNIŞIĞI YAYINLARI
999
_c
653798
_d
653798